000 00704nam a2200229 i 4500
001 bg
100 1 _aSZPAK, Jan
245 1 0 _aHistoria gospodarcza powszechna /
_cJan Szpak.
260 _aWarszawa :
_bPolskie Wydaw. Ekonomiczne,
_c1999.
300 _a350 s. :
_bmapy, wykr. ;
_c24 cm.
504 _aBibliogr. s. 343. - Indeks.
650 9 _aHistoria gospodarcza
655 _aPodręczniki akademickie
020 _a8320811767
040 _cBPK
041 _apl
080 _a338.1(091)(075.8)
920 _a83-208-1176-7
942 _cKS
008 s pl f |000 0 pol
856 _uhttp://koha.tu.koszalin.pl/cgi-bin/koha/opac-detail.pl?biblionumber=36080
_yKatalog online BPK
999 _c36080
_d36080